Central Library OPAC University of Rajshahi
Normal view MARC view

Entry Topical Term

Number of records used in: 9

001 - CONTROL NUMBER

  • control field: 3178

003 - CONTROL NUMBER IDENTIFIER

  • control field: BD-RjUL

005 - DATE AND TIME OF LATEST TRANSACTION

  • control field: 20220525130122.0

008 - FIXED-LENGTH DATA ELEMENTS

  • fixed length control field: 220525|| aca||aabn | a|a d

040 ## - CATALOGING SOURCE

  • Original cataloging agency: BD-RjUL
  • Transcribing agency: BD-RjUL

150 ## - HEADING--TOPICAL TERM

  • Topical term or geographic name entry element: Magnoliopsida
  • General subdivision: Cryptolestes

670 ## - SOURCE DATA FOUND

  • Source citation: Work cat.: (BD-RjUL)79848: Hoque, Md. Rezaul 3177, Bio-Separation and Activity of Capparis Zeylanica Against Cryptolestes Pusillus (Schon.), 2015